00396 2200145 4500001002100000005001500021035002000036245007800056100002100134300002300155260003200178082000800210084001400218020001800232INLIS00000000000000720220509110149 a0010-05220000071 aAdolf Hitler :bBoigrafi, Konspirasi, dan Kontroversi /cGauzan Alfiandra0 aGauzan Alfiandra a308 hlm. ;c20 cm. aYogyakarta :bPalapa,c2016 a920 a920 GAU a a9786022962168